| 000 | 00645nam a2200253 a 4500 | ||
|---|---|---|---|
| 001 | nice12345678 | ||
| 003 | IN_TiNIC | ||
| 005 | 20260116013045.0 | ||
| 008 | 050524s1991 newa grp 000 0 eng | ||
| 020 |
_a0231813 _c340 |
||
| 082 | 0 | 0 |
_a305.420962 _bMAC |
| 100 | _aMacleod, Arlene Elowe | ||
| 245 | _aAccommodating Protest | ||
| 260 |
_aNew York _bColumbia University Press _c1991 |
||
| 300 | _a206p | ||
| 500 | _aincludes index and biblioraphy | ||
| 505 | 2 | _abibliography, index | |
| 650 | _aWomen-Egypt | ||
| 650 | _aMuslim Women | ||
| 700 | 1 | _aMacleod, Arlene Elowe | |
| 902 | _bSRS | ||
| 942 | _cBK | ||
| 999 |
_c9466 _d9466 |
||